| 000 | 00776nam a2200241 a 4500 | ||
|---|---|---|---|
| 999 |
_c333643 _d333643 |
||
| 003 | BLK | ||
| 005 | 20241217112433.0 | ||
| 008 | 190712b bu ||||| |||| 00| 0 bu d | ||
| 020 | _a9789542828228 | ||
| 040 | _aBLK | ||
| 041 |
_aBUL _cBUL |
||
| 080 |
_aБългарска литература _b821.163.2 _z821.163.2 |
||
| 100 | 1 |
_9328886 _aНиколов, Любомир Павлов _eпърви автор |
|
| 139 |
_aНиколов, Любомир Павлов _bН 74 |
||
| 245 |
_aФламинго за обяд _cЛюбомир Николов |
||
| 260 |
_9219755 _aСофия _bСиела _c2019 |
||
| 300 |
_a201 с. _c21 см. |
||
| 380 | _aX | ||
| 942 |
_cKNG _n0 _s1 _014 |
||
| 944 |
_aCR _c2019-08-05 _k30576 _lЦветомила Тодорова |
||
| 999 | _d333643 | ||
| 999 | _d332840 | ||